000 00767nas a2200241 4500
001 BR0702894
003 BR-BrBNA
005 20231205110825.0
007 ta
008 230509b bl.|||p| |||| 00| 00por d
040 _aBR-BrBNA
_bpor
_cBiblioteca Nacional de Agricultura
041 _a(Pt)
072 _aE14
100 1 _aCoelho, C.N.
245 1 _aO novo seguro agrícola nos Estados Unidos
650 _aSEGURO RURAL
650 _aPROGRAMA DE DESENVOLVIMENTO
650 _aCOMERCIALIZAÇÃO
773 0 _tRevista de Política Agrícola (Brazil)
_xISSN 1413-4969
_g(Apr-Jun 1997), v. 6(2) p. 10-14
_wBR0702894
856 4 _uRev_Pol_Agr_v6_n2-1997.pdf#page=11
_yRecurso eletrônico (PDF)
909 _a202311
_bLúcia
_c55
_dLúcia Elande
942 _2AGRIS
_n0
_cANA
999 _c189262
_d189262